| 000 | 00652 a2200193 4500 | ||
|---|---|---|---|
| 020 | _a0-471-72346-0 (ISBN-10 : inb.) | ||
| 020 | _a13-978-0-471-72346-2 (ISBN-13 : inb.) | ||
| 040 |
_aDLC _bDLC |
||
| 100 | 1 | _aLiu, Hui | |
| 245 | 1 | 0 |
_aOFDM-based broadband wireless networks: design and optimization _bdesign and optimization _cHui Liu and Guoqing Li |
| 260 |
_aHoboken, N.J.: _bWiley, _ccop. 2005 |
||
| 300 |
_a251 s.: _bill. |
||
| 650 | 4 | _aTr夬?ommunikation | |
| 650 | 4 | _aBredbandskommunikation | |
| 650 | 4 | _aWireless communication systems | |
| 650 | 4 | _aBroadband communication systems | |
| 700 | 1 | _aLi, Guoqing | |
| 942 |
_cBK _k621.38216 LIU _2ddc |
||
| 999 |
_c9516 _d9516 |
||